El Quijote y la poética de la novela
Gespeichert in:
| 1. Verfasser: | |
|---|---|
| Format: | Buch |
| Sprache: | Spanisch |
| Veröffentlicht: |
Santiago
Universitaria
2004
|
| Ausgabe: | 2a. ed |
| Schriftenreihe: | El Saber y la Cultura
|
| Schlagworte: | |
| Tags: |
Tag hinzufügen
Keine Tags, Fügen Sie den ersten Tag hinzu!
|
MARC
| LEADER | 00000nam a2200000 a 4500 | ||
|---|---|---|---|
| 001 | UCK4326 | ||
| 003 | CL-VaPUC | ||
| 008 | 050603e20040000CL |||||||||||||||||spa|d | ||
| 020 | |a 956111738X | ||
| 082 | 0 | 4 | |a 863.9 |b MAR |2 21 |
| 100 | |a Martínez Bonati, Félix |e autor |9 492784 | ||
| 245 | 1 | 3 | |a El Quijote y la poética de la novela |
| 250 | |a 2a. ed | ||
| 300 | |a 309 p | ||
| 942 | |c BK | ||
| 945 | |d 20050603 00:00:00 |a cmena | ||
| 260 | |a Santiago |b Universitaria |c 2004 | ||
| 650 | 7 | |a NOVELA ESPAÑOLA |2 CL-VaPUC |9 313139 | |
| 650 | 0 | |a Crítica e interpretación literaria |9 266284 | |
| 650 | 0 | |a Estilos literarios |9 310538 | |
| 650 | 0 | |a Retórica |9 266620 | |
| 583 | |a last modification |c 20050603 00:00:00 |k Rodrigo Vera | ||
| 490 | 0 | |a El Saber y la Cultura | |
| 999 | |c 313213 |d 313211 | ||
| 952 | |0 0 |1 0 |4 0 |6 863_900000000000000_MAR_2004 |7 0 |8 A |9 384356 |a BIBEDU |b BIBEDU |d 2019-11-22 |i 4130936 |o 863.9 MAR 2004 |p 4130936 |r 2019-11-22 |w 2019-11-22 |y BK |k LIT | ||
| 952 | |0 0 |1 0 |4 0 |6 863_900000000000000_MAR_2004 |7 0 |8 A |9 384357 |a BIBEDU |b BIBEDU |d 2019-11-22 |i 4204719 |o 863.9 MAR 2004 |p 4204719 |r 2019-11-22 |w 2019-11-22 |y BK |k LIT | ||